| 000 | 00000nam##2200000za#4500 |
| 001 | 9.569321 |
| 003 | CaOODSP |
| 005 | 20210624181719 |
| 007 | cr ||||||||||| |
| 008 | 150406|1999||||xxc|||||o f|0| 0 eng|d |
| 040 | |aCaOODSP|beng |
| 043 | |an-cn--- |
| 086 | 1 |aNH18-1-2/2-1999E-PDF |
| 110 | 2 |aCanada Mortgage and Housing Corporation. |
| 245 | 10|aCompressed earth block construction / |h[electronic resource]|cby Ginette Dupuy. |
| 260 | |aOttawa - Ontario : |bCanada Mortgage and Housing Corporation |cMay 1999. |
| 300 | |a120p.|bfigs., graph, graphs, tables |
| 490 | 1 |aResearch report |
| 504 | |aBibliography. |
| 590 | |a12-25-Supp|b2012-06-04 |
| 720 | 1 |aDupuy, Ginette |
| 775 | 08|tConstruction en blocs de terre comprimée / |w(CaOODSP)9.600538 |
| 830 | #0|aResearch report (Canada Mortgage and Housing Corporation : Online)|w(CaOODSP)9.506068 |
| 856 | 40|ahttp://publications.gc.ca|qPDF|s16 MB|uhttps://publications.gc.ca/collections/collection_2011/schl-cmhc/nh18-1-2/NH18-1-2-2-1999-eng.pdf |